[Event "5ème open de Provence (A)"]
[Site "Salon de Provence"]
[Date "????.??.??"]
[Round "9.5"]
[White "Massardo, Quentin"]
[Black "Busson, Benoist"]
[Result "1/2-1/2"]
[WhiteElo "1829"]
[BlackElo "1977"]
[PlyCount "59"]

1. d4 Nf6 2. c4 e5 3. Nf3 exd4 4. Nxd4 d5 5. cxd5 Bb4+ 6. Bd2 Bxd2+ 7. Qxd2 O-O
8. Nb5 a6 9. N5c3 b5 10. a3 Bb7 11. g3 Nxd5 12. Bg2 Nxc3 13. Bxb7 Ra7 14. Qxd8
Rxd8 15. Nxc3 Rxb7 16. O-O c5 17. b3 Nc6 18. Ne4 Rd5 19. Rac1 Nd4 20. Rxc5 Rbd7
21. b4 Nxe2+ 22. Kg2 f5 23. Rxd5 Rxd5 24. Nc5 a5 25. Ne6 axb4 26. axb4 Kf7 27.
Nc7 Re5 28. f4 Re4 29. Rb1 Nd4 30. Rb2 1/2-1/2

[Event "5ème open de Provence (A)"]
[Site "Salon de Provence"]
[Date "????.??.??"]
[Round "9.6"]
[White "Lazov, Stefan"]
[Black "Faure, Alexandre"]
[Result "1-0"]
[WhiteElo "1894"]
[BlackElo "1875"]
[PlyCount "103"]

1. d4 d5 2. Nf3 Nf6 3. Bf4 c5 4. c3 Nc6 5. e3 Qb6 6. Qb3 c4 7. Qc2 Bf5 8. Qc1
Nh5 9. Bg3 Nxg3 10. hxg3 Qc7 11. Nbd2 b5 12. a3 h6 13. Be2 e6 14. Bd1 Bd6 15.
Bc2 O-O 16. e4 dxe4 17. Nxe4 Bxe4 18. Bxe4 e5 19. dxe5 Nxe5 20. Nxe5 Rae8 21.
O-O Rxe5 22. Bf3 Bc5 23. Qc2 Rfe8 24. Rad1 Qb6 25. Qd2 a6 26. g4 Qf6 27. Rfe1
Rxe1+ 28. Rxe1 Rd8 29. Qe2 Qf4 30. Rd1 Rxd1+ 31. Qxd1 Qg5 32. g3 g6 33. Kg2 Kg7
34. Qd5 Qe7 35. Qe4 Qd6 36. Qd5 Qe7 37. Kf1 Qa7 38. Qe5+ Kh7 39. Qe2 Kg7 40.
Kg2 Kh7 41. Bd5 Qd7 42. Qf3 Kg7 43. Qe4 Qd6 44. Kf1 Bb6 45. Qf3 Qe7 46. a4 Ba7
47. axb5 axb5 48. Kg2 Kg8 49. Qe4 Qf6 50. Qf4 Qg7 51. Qc7 b4 52. Qxa7 1-0

[Event "5ème open de Provence (A)"]
[Site "Salon de Provence"]
[Date "????.??.??"]
[Round "9.7"]
[White "Joubert, Leo"]
[Black "Metras, Dominique"]
[Result "1/2-1/2"]
[WhiteElo "1790"]
[BlackElo "1965"]
[PlyCount "60"]

1. c4 Nf6 2. g3 g6 3. Bg2 Bg7 4. Nc3 O-O 5. e4 d6 6. Nge2 e5 7. O-O Nc6 8. d3
Be6 9. h3 Qd7 10. Kh2 Ne8 11. Be3 Ne7 12. Qd2 f5 13. Nd5 c6 14. Nxe7+ Qxe7 15.
Bh6 Nf6 16. Bxg7 Kxg7 17. exf5 Bxf5 18. d4 Rae8 19. dxe5 Qxe5 20. Nc3 Qc5 21.
b3 Ne4 22. Nxe4 Bxe4 23. Rad1 Bxg2 24. Kxg2 Rf6 25. Qd4 Qxd4 26. Rxd4 Re2 27.
a4 Rb2 28. Rd3 Kf7 29. g4 Ke7 30. Kg3 Re6 1/2-1/2

[Event "5ème open de Provence (A)"]
[Site "Salon de Provence"]
[Date "????.??.??"]
[Round "9.8"]
[White "Hernandez, Lara"]
[Black "Kolb, Sebastien"]
[Result "1/2-1/2"]
[WhiteElo "1732"]
[BlackElo "2057"]
[PlyCount "128"]

1. d4 Nf6 2. c4 g6 3. Nc3 Bg7 4. e4 d6 5. Nf3 O-O 6. Be2 e5 7. O-O Na6 8. Bg5
h6 9. Bxf6 Qxf6 10. d5 Qe7 11. g3 f5 12. Nh4 Qg5 13. exf5 gxf5 14. f4 exf4 15.
Rxf4 Be5 16. Rf1 Bd7 17. Nf3 Qe3+ 18. Kh1 Bxc3 19. bxc3 Nc5 20. Nh4 Ne4 21. Qe1
Qxc3 22. Qxc3 Nxc3 23. Bd3 Ne4 24. Rae1 Rae8 25. Kg2 Nc5 26. Rxe8 Rxe8 27. Bxf5
Bxf5 28. Nxf5 Kh7 29. Nd4 Re4 30. Rf4 Re7 31. Rf6 h5 32. h4 Re4 33. Rf4 Kg6 34.
Kf3 Re1 35. Nb5 Nd3 36. Rd4 Ne5+ 37. Kf2 Ra1 38. Nc3 Rc1 39. Nb5 Rc2+ 40. Ke3
Rxa2 41. Nxc7 Ra3+ 42. Kf2 Rf3+ 43. Kg2 Rc3 44. Nb5 Rc2+ 45. Kf1 Nxc4 46. Nxa7
Ne3+ 47. Kg1 Rg2+ 48. Kh1 Rxg3 49. Nb5 Nf5 50. Re4 Rg4 51. Re6+ Kf7 52. Nxd6+
Nxd6 53. Rxd6 Rxh4+ 54. Kg2 Rb4 55. Kh3 Ke7 56. Rh6 h4 57. Rg6 Kd7 58. Rh6 Kc7
59. Re6 b5 60. Rc6+ Kb7 61. Rc5 Kb6 62. Rc8 Rd4 63. d6 Rxd6 64. Kxh4 Rg6
1/2-1/2

[Event "5ème open de Provence (A)"]
[Site "Salon de Provence"]
[Date "????.??.??"]
[Round "9.9"]
[White "Nicolas, Gabrielle"]
[Black "Benavides, Jeremy"]
[Result "0-1"]
[WhiteElo "1732"]
[BlackElo "1835"]
[PlyCount "60"]

1. d4 Nf6 2. c4 g6 3. Nf3 Bg7 4. e3 O-O 5. Be2 d6 6. O-O Nc6 7. Nc3 e5 8. a3
exd4 9. exd4 d5 10. c5 Ne4 11. Bf4 Bg4 12. Ne5 Nxe5 13. Bxe5 Bxe2 14. Nxe2 Bxe5
15. dxe5 Nxc5 16. Rc1 Ne6 17. Qb3 Rb8 18. f4 f5 19. Rfd1 c6 20. Kh1 Qb6 21. Qc3
Rfe8 22. Rd3 Rbd8 23. Qd2 Nc5 24. Re3 Ne4 25. Qd4 c5 26. Qa4 c4 27. Rf3 Nf2+
28. Kg1 Nd3+ 29. Kf1 Nxc1 30. Nxc1 Qxb2 0-1

[Event "5ème open de Provence (A)"]
[Site "Salon de Provence"]
[Date "????.??.??"]
[Round "9.10"]
[White "Legrand, Vincent"]
[Black "Morris, Keith"]
[Result "1-0"]
[WhiteElo "1833"]
[BlackElo "1709"]
[PlyCount "21"]

1. e4 e5 2. Nf3 Nc6 3. Nc3 Nf6 4. d4 exd4 5. Nxd4 Bb4 6. Nxc6 bxc6 7. Bd3 O-O
8. O-O h6 9. e5 Nd5 10. Ne4 d6 11. c3 1-0

[Event "5ème open de Provence (A)"]
[Site "Salon de Provence"]
[Date "????.??.??"]
[Round "9.12"]
[White "Valcrose, Thomas"]
[Black "Boyer, Jean-Francois"]
[Result "1-0"]
[WhiteElo "1787"]
[BlackElo "1780"]
[PlyCount "45"]

1. e4 c5 2. c3 d5 3. exd5 Qxd5 4. d4 Nf6 5. Nf3 cxd4 6. cxd4 e6 7. Nc3 Qa5 8.
Bd3 Bb4 9. Qc2 Bd7 10. O-O Bxc3 11. Qxc3 Qxc3 12. bxc3 O-O 13. Ne5 Rc8 14. Bd2
Be8 15. Rab1 Rc7 16. Bb5 Bxb5 17. Rxb5 Ne4 18. Be1 Nxc3 19. Bxc3 Rxc3 20. Rxb7
Nc6 21. Rc7 Nxe5 22. Rxc3 Ng6 23. Rfc1 1-0

[Event "5ème open de Provence (A)"]
[Site "Salon de Provence"]
[Date "????.??.??"]
[Round "9.14"]
[White "Fournier, Alain"]
[Black "Amoros, Jean"]
[Result "1-0"]
[WhiteElo "1697"]
[BlackElo "1499"]
[PlyCount "41"]

1. d4 d6 2. Bf4 Nf6 3. Nf3 e6 4. Nbd2 Be7 5. e3 Nh5 6. Bd3 Nc6 7. c3 Nxf4 8.
exf4 f5 9. Qe2 O-O 10. h4 Bf6 11. O-O-O a5 12. Ng5 e5 13. Qh5 h6 14. dxe5 Be6
15. Nxe6 Qd7 16. Bxf5 Nb4 17. Qg6 Nxa2+ 18. Kc2 Qa4+ 19. b3 Qc6 20. Nc4 d5 21.
exf6 1-0